000 00239nam a22000857a 4500
008 161128b xxu||||| |||| 00| 0 eng d
100 _91482
_aYoung Learners
245 _aBeauty and The Beast
260 _aNew Delhi
_bYoung Learners Pulication
_c2011
999 _c4207
_d4207